000 00413pab a2200145 454500
008 180718b1987 xxu||||| |||| 00| 0 eng d
100 _aWood, John R.
245 _aReservations in doubt
_bThe backlash against affirmative action in Gujarat, India
260 _c1987
300 _a408-30
362 _aFall
650 _aReservations - Employment - India - Gujarat
773 _aPacific Affairs
909 _a17217
999 _c17217
_d17217